| 000 | 00609nam a2200217 a 4500 | ||
|---|---|---|---|
| 008 | |||
| 020 | _a1861525109 (pbk. ) | ||
| 049 | _aMAIN | ||
| 090 |
_aHF5657.4 _bDRU |
||
| 100 | 1 | _aDrury, Colin. | |
| 245 | 1 | 0 |
_aManagement & cost accounting : _bstudents manual / _cColin Drury. |
| 250 | _aRevised 4th ed. | ||
| 260 |
_aLondon : _bChapman & Hall, _c1996. |
||
| 300 |
_a406 p. ; _c28 cm. |
||
| 650 | 0 | _aManagerial accounting. | |
| 907 |
_a.b10188253 _b29-05-12 _c30-01-06 |
||
| 003 | |||
| 005 | 20230123134146.0 | ||
| 040 | _cNUST | ||
| 942 |
_cBOOKS _kHF5657.4 _mDRU |
||
| 999 |
_c161074 _d161074 |
||